Cost Management: Accounting and Control. (Record no. 3156)

MARC details
005 - DATE AND TIME OF LATEST TRANSACTION
control field 20250604163424.0
020 ## - INTERNATIONAL STANDARD BOOK NUMBER
International Standard Book Number 0-324-06973-1
082 ## - DEWEY DECIMAL CLASSIFICATION NUMBER
Classification number TEA LECT 657.42 HAN
100 ## - MAIN ENTRY--PERSONAL NAME
Author name HANSEN, D. R.
245 ## - TITLE STATEMENT
Title Cost Management: Accounting and Control.
250 ## - EDITION STATEMENT
Edition statement 4th Ed.
260 ## - PUBLICATION, DISTRIBUTION, ETC.
Place of publication, distribution, etc. Australia,
Name of publisher, distributor, etc. Thomson South western,
Date of publication, distribution, etc. 2002.
300 ## - PHYSICAL DESCRIPTION
Extent xxii, 1027p.: ill.; picture
Other physical details Glossary & Index
Dimensions 29cm
700 ## - ADDED ENTRY--PERSONAL NAME
Other authors/Editors MOWEN, M. M.
856 ## - ELECTRONIC LOCATION AND ACCESS
Link text Access Online Book
Electronic name Management
Path http://www.thomsonrights.com
942 ## - ADDED ENTRY ELEMENTS (KOHA)
Source of classification or shelving scheme Dewey Decimal Classification
Koha item type Books
Holdings
Date last seen Total checkouts Full call number Barcode Cost, replacement price Price effective from Koha item type Lost status Source of classification or shelving scheme Damaged status Not for loan Withdrawn status Home library Current library Shelving location Date acquired Cost, normal purchase price
06/28/2025   658.1552HAN DOM000526 417000.00 06/28/2025 Books   Dewey Decimal Classification       CBE Dodoma CBE Dodoma General Collection 04/22/2005 139000.00
06/28/2025   658.15HAN DOM000549 417000.00 06/28/2025 Books   Dewey Decimal Classification       CBE Dodoma CBE Dodoma General Collection 04/22/2005 139000.00
06/28/2025   658.1552HAN DOM000574 417000.00 06/28/2025 Books   Dewey Decimal Classification       CBE Dodoma CBE Dodoma General Collection 04/22/2005 139000.00
06/04/2025   TEA LECT 657.42 HAN 00000011071 417000.00 06/04/2025 Books   Dewey Decimal Classification       College of Business Education Main Library College of Business Education Main Library General Collection 04/22/2005 139000.00
06/04/2025   TEA LECT 657.42 HAN 00000011072 417000.00 06/04/2025 Books   Dewey Decimal Classification       College of Business Education Main Library College of Business Education Main Library General Collection 04/22/2005 139000.00
06/04/2025   TEA LECT 657.42 HAN 00000011073 417000.00 06/04/2025 Books   Dewey Decimal Classification       College of Business Education Main Library College of Business Education Main Library General Collection 04/22/2005 139000.00